Country by Internet Domain Code (._w) Quiz Stats

 Plays Quiz not verified by Sporcle

Challenge
Share
Tweet
Embed
Score 0/8 Timer 03:00
0 Plays Today
Internet Domain Code Country % Correct
.rwRwanda
95%
.zwZimbabwe
94.2%
.mwMalawi
85%
.kwKuwait
74.2%
.bwBotswana
73.3%
.twTaiwan
70%
.pwPalau
62.5%
.gwGuinea-Bissau
55.8%

You're not logged in!

Compare scores with friends on all Sporcle quizzes.
Join for Free
OR
Log In

You Might Also Like...

Show Comments

Extras

Top Quizzes Today


Score Distribution

Your Account Isn't Verified!

In order to create a playlist on Sporcle, you need to verify the email address you used during registration. Go to your Sporcle Settings to finish the process.

Report this User

Report this user for behavior that violates our Community Guidelines.

Details: